| 000 | 00694nam a22002297a 4500 | ||
|---|---|---|---|
| 999 |
_c21549 _d21549 |
||
| 003 | AR-CdUCM | ||
| 008 | 190312b ||||| |||| 00| 0 spa d | ||
| 020 | _a9788433963680 | ||
| 040 |
_aMUNICIPALIDAD PROVINCIAL DEL CUSCO _cBIBLIOTECA MUNICIPAL DEL CUSCO |
||
| 082 |
_a809.93/C17 _bC17 |
||
| 100 |
_aCalasso, Roberto _945323 |
||
| 245 |
_aLa marca del editor / _cRoberto Calasso |
||
| 260 |
_aBarcelona : _bAnagrama, _c2014. |
||
| 300 |
_a147 páginas. : _c22 cm. |
||
| 440 |
_aColección Argumentos, _945324 |
||
| 650 |
_aSiglo XX _945325 |
||
| 650 |
_aLiteratura universal _9611 |
||
| 650 |
_aLiteratura italiana _9615 |
||
| 650 |
_aNovelas _9218 |
||
| 942 |
_2ddc _cLIBROS |
||
| 945 | _aRoel | ||